|
|
|
|
| LEADER |
00944nam a2200253 a 4500 |
| 001 |
000613283 |
| 003 |
CZ BrMZK |
| 005 |
20100105100133.0 |
| 007 |
ta |
| 008 |
020729s1969 xr f cze d |
| 040 |
|
|
|a BOA001
|b cze
|c BOA001
|
| 100 |
1 |
|
|a Rusek, Arnošt
|7 xx0095387
|4 aut
|
| 245 |
1 |
0 |
|a Obecná ekonomická teorie /
|c Arnošt Rusek, V. Čára, V. Mlčoch
|
| 250 |
|
|
|a 1. vyd.
|
| 260 |
|
|
|a Ostrava :
|b Ediční středisko Vysoké školy báňské,
|c 1969
|
| 300 |
|
|
|a 98 s.
|
| 490 |
1 |
|
|a Učební texty vysokých škol / Vysoká škola báňská v Ostravě
|
| 700 |
1 |
|
|a Mlčoch, V.
|4 aut
|
| 700 |
1 |
|
|a Čára, V.
|4 aut
|
| 710 |
2 |
|
|a Vysoká škola báňská v Ostravě.
|b Ediční středisko
|7 kn20010709386
|
| 810 |
|
2 |
|a Vysoká škola báňská v Ostravě.
|t Učební texty vysokých škol
|0 s
|
| 910 |
|
|
|a BOA001
|b 4-0628.896
|
| 990 |
|
|
|a BK
|
| 996 |
6 |
|
|b BC-39990
|c 4-0628.896
|l MZK
|r Sklad / do 1 hodiny
|n 0
|w 000613283
|u 000010
|a 1
|e BOA001
|j MZK50
|s P
|